The story of the Bible /

محفوظ في:

المؤلف الرئيسي: Van Loon, Hendrik Willem, 1882-1944 (مؤلف)

مؤلفون آخرون: Power, Leonore St. John.

التنسيق: كتاب

اللغة: English

منشور في: New York : Doubleday & Company, 1953.

سلاسل: Permabooks ; 201.

الموضوعات:

الوسوم: إضافة وسم

لا توجد وسوم, كن أول من يضع وسما على هذه التسجيلة!

رقم الطلب: BS551 .V3 1953

LEADER 00768nam a22002531 4500
001 1407
003 OSt
005 20251015131603.0
008 130303s1953 nuya 000 0 eng d
035 |a tmp00550599 
040 |c ARCE Library 
049 |a EARC 
050 4 |a BS551 .V3 1953 
100 1 |a Van Loon, Hendrik Willem,  |d 1882-1944,  |e author 
245 1 4 |a The story of the Bible /  |c written and drawn by Hendrik Willem Van Loon. 
264 1 |a New York :  |b Doubleday & Company,   |c 1953. 
300 |a 448 pages :  |b illustrations ;   |c 18 cm. 
490 0 |a Permabooks ;   |v 201. 
590 |a Signed: Ahmed Fakhry Providence, November 1953. 
650 0 |a Bible stories, English. 
700 1 |a Power, Leonore St. John. 
901 |a reviewed 
942 |c BK  |2 lcc 
999 |c 1767  |d 1767